000 00348nam a2200145Ia 4500
008 151213s9999 xx 000 0 und d
100 _aMajor Barkem
245 _aBernard Show
_cMajor Barkem
260 _aNew york
_bPeacook Book
_c2002
300 _a2142 p.
650 _aEnglish
650 _aEnglish
700 _aMajor Barkem
999 _c1575
_d1575